Il filosofo dell'entusiasmo / (Record no. 114628)

MARC details
000 -LEADER
campo de control de longitud fija 00575nam a2200181 i 4500
001 - NÚMERO DE CONTROL
campo de control 114628
003 - IDENTIFICADOR DE NÚMERO DE CONTROL
campo de control ES-MaACL
005 - FECHA Y HORA DE LA ÚLTIMA TRANSACCIÓN
campo de control 20250728191607.0
007 - CAMPO FIJO DE DESCRIPCIÓN FÍSICA--INFORMACIÓN GENERAL
campo de control de longitud fija t|
008 - DATOS DE LONGITUD FIJA--INFORMACIÓN GENERAL
campo de control de longitud fija 070315s1915 it ||||1| ita d
100 1# - ENTRADA PRINCIPAL--NOMBRE DE PERSONA
Nombre de persona Ravegnani, Giuseppe.
9 (RLIN) 95575
245 13 - MENCIÓN DEL TÍTULO
Título Il filosofo dell'entusiasmo /
Mención de responsabilidad, etc. Giuseppe Ravegnani.
260 ## - PUBLICACIÓN, DISTRIBUCIÓN, ETC.
Lugar de publicación, distribución, etc. Ferrara :
Nombre del editor, distribuidor, etc. Taddei-Soati,
Fecha de publicación, distribución, etc. 1915.
300 ## - DESCRIPCIÓN FÍSICA
Extensión 16 p. ;
Dimensiones 17 cm.
600 04 - PUNTO DE ACCESO ADICIONAL DE MATERIA--NOMBRE DE PERSONA
Nombre de persona Ruiz, Diego,
Fechas asociadas al nombre 1881-1959
9 (RLIN) 100601
852 ## - LOCALIZACIÓN
Ubicación ES-MaACL
Número de control de estantería Armario18
Signatura antigua .- Olim: T-1421-F-4
Nota libre .- Dedicatoria autógrafa del autor al Ateneo
Holdings
Estatus retirado Estado de pérdida Estado de daño No para préstamo Biblioteca de origen Biblioteca actual Ubicación en estantería Fecha de adquisición Fuente de adquisición Total de préstamos Signatura topográfica completa Código de barras Visto por última vez Precio de reemplazo Tipo de ítem Koha
        Biblioteca del Ateneo de Madrid Biblioteca del Ateneo de Madrid Depósito 17/01/2008     Armario18 1119539 23/02/2023 23/02/2023 Libro impreso